000 02145nam a2200289Ia 4500
000 02754naaa 00421uu
001 https://directory.doabooks.org/handle/20.500.12854/28241
005 20260218105652.0
008 211013s9999 xx 000 0 und d
020 _a978-3-030-20339-9
024 _a10.1007/978-3-030-20339-9
042 _adc
245 0 _aEnergy Demand Challenges in Europe : Implications for policy, planning and practice
260 _aCham
_bSpringer Nature
_c2019
300 _a1 electronic resource (157 p.)
520 _aThis open access book examines the role of citizens in sustainable energy transitions across Europe. It explores energy problem framing, policy approaches and practical responses to the challenge of securing clean, affordable and sustainable energy for all citizens, focusing on households as the main unit of analysis. The book revolves around ten contributions that each summarise national trends, socio-material characteristics, and policy responses to contemporary energy issues affecting householders in different countries, and provides good practice examples for designing and implementing sustainable energy initiatives. Prominent concerns include reducing carbon emissions, energy poverty, sustainable consumption, governance, practices, innovations and sustainable lifestyles. The opening and closing contributions consider European level energy policy, dominant and alternative problem framings and similarities and differences between European countries in relation to reducing household energy use. Overall, the book is a valuable resource for researchers, policy-makers, practitioners and others interested in sustainable energy perspectives.
540 _aCreative Commons
653 _aSocial sciences
700 1 _aFahy, Frances
700 1 _aFahy, Frances
700 1 _aGoggins, Gary
700 1 _aGoggins, Gary
700 1 _aJensen, Charlotte
856 _uhttps://docs.google.com/spreadsheets/d/1yKIrdCPDAG_9c22mwoOIO2DOhtj65Wqa/edit?usp=sharing&ouid=106555315294820607512&rtpof=true&sd=true
_yList of Curated E-Books
942 _cE-BOOK
999 _c46960
_d46960